International law/ (Record no. 5279)
[ view plain ]
| 000 -LEADER | |
|---|---|
| fixed length control field | 00542nam a22001817a 4500 |
| 008 - FIXED-LENGTH DATA ELEMENTS--GENERAL INFORMATION | |
| fixed length control field | 161015b xxu||||| |||| 00| 0 eng d |
| 020 ## - INTERNATIONAL STANDARD BOOK NUMBER | |
| International Standard Book Number | 971160423x |
| 082 ## - DEWEY DECIMAL CLASSIFICATION NUMBER | |
| Edition number | 2000 |
| Classification number | DFil 341 |
| Item number | C88 |
| 100 ## - MAIN ENTRY--PERSONAL NAME | |
| 9 (RLIN) | 16351 |
| Personal name | Cruz, Isagani A. |
| 245 ## - TITLE STATEMENT | |
| Title | International law/ |
| Statement of responsibility, etc. | Isagani A. Cruz. |
| 250 ## - EDITION STATEMENT | |
| Edition statement | 2000 edition |
| 260 ## - PUBLICATION, DISTRIBUTION, ETC. (IMPRINT) | |
| Place of publication, distribution, etc. | Quezon City: |
| Name of publisher, distributor, etc. | Central Law Book Publishing Co.,Inc., |
| Date of publication, distribution, etc. | c2000. |
| 300 ## - PHYSICAL DESCRIPTION | |
| Extent | iii, 338 pages; |
| Dimensions | 24 cm. |
| 500 ## - GENERAL NOTE | |
| General note | Includes appendices. |
| 650 #0 - SUBJECT ADDED ENTRY--TOPICAL TERM | |
| 9 (RLIN) | 16352 |
| Topical term or geographic name as entry element | International law. |
| 365 ## - TRADE PRICE | |
| Price amount | 465.00 |
| Currency code | Php. |
| 942 ## - ADDED ENTRY ELEMENTS (KOHA) | |
| Source of classification or shelving scheme | Dewey Decimal Classification |
| Koha item type | Filipiniana |
| Withdrawn status | Lost status | Source of classification or shelving scheme | Damaged status | Not for loan | Collection code | Home library | Current library | Shelving location | Date acquired | Source of acquisition | Total Checkouts | Full call number | Barcode | Date last seen | Date last checked out | Cost, replacement price | Price effective from | Koha item type |
|---|---|---|---|---|---|---|---|---|---|---|---|---|---|---|---|---|---|---|
| Dewey Decimal Classification | Filipiniana | UM Digos College - LIC | UM Digos College - LIC | Book Cart | 10/08/2003 | Purchased | 3 | DFil 341 C88 2000 | 15227 | 05/15/2025 | 04/24/2023 | 465.00 | 10/15/2016 | Filipiniana |
